Statistics for Word Race(3 Letters)Quiz

Click here to take the quiz!

General Stats

  • This quiz has been taken 22 times
  • The average score is 13 of 20

Answer Stats

ClueAnswer% Correct
Opposite of coldHot
100%
One more than nineTen
100%
Not inOut
94%
Sight organEye
94%
Female ParentMum
94%
CanineDog
94%
Hearing organEar
82%
Writing implementPen
82%
Male parentDad
71%
Not dryWet
71%
Drinking establishmentPub
71%
Snouted animalPig
59%
What we breatheAir
53%
Number immediately before ThreeTwo
53%
Not nearFar
53%
Not newOld
47%
Not wetDry
35%
Not goodBad
24%
Cook in oilFry
18%
Male childSon
12%

Score Distribution

Percentile by Number Answered

Percent of People with Each Score

Your Score History

You have not taken this quiz